[Event "Gallego-ch U18"]
[Site "Viveiro"]
[Date "2016.02.08"]
[Round "5"]
[White "Garcia Sobrino, David"]
[Black "Dominguez Fernandez, Angel"]
[Result "1-0"]
[WhiteElo "2014"]
[BlackElo "2160"]
[PlyCount "69"]
[EventDate "2016.02.06"]
[EventType "swiss"]
[EventRounds "8"]
[EventCountry "ESP"]
[SourceTitle "EXT 2024"]
[Source "ChessBase"]
[SourceDate "2023.10.10"]
[SourceVersion "1"]
[SourceVersionDate "2023.10.10"]
[SourceQuality "1"]

1. e4 c5 2. Nf3 Nc6 3. d4 cxd4 4. Nxd4 Nf6 5. Nc3 e5 6. Ndb5 d6 7. Bg5 a6 8. Na3 Be6 9. Nc4 Rc8 10. Nd5 Bxd5 11. Bxf6 gxf6 12. Qxd5 Nd4 13. 0-0-0 b5 14. Ne3 Rc5 15. Qb7 Rc7 16. Qxa6 Qb8 17. Rxd4 exd4 18. Bxb5+ Kd8 19. Nf5 Qb7 20. Qxb7 Rxb7 21. a4 Rg8 22. g3 d3 23. Bxd3 d5 24. exd5 Bc5 25. c3 Bxf2 26. b4 Rc7 27. Kd2 Re8 28. Rf1 Ba7 29. d6 Rb7 30. Ne7 Bb8 31. Nc6+ Kd7 32. Nxb8+ Rexb8 33. Rxf6 Rb6 34. Bb5+ Kd8 35. c4 1-0

[Event "Gallego-ch U18"]
[Site "Viveiro"]
[Date "2016.02.08"]
[Round "6"]
[White "Gomez Dieguez, Adrian"]
[Black "Dominguez Fernandez, Angel"]
[Result "1/2-1/2"]
[WhiteElo "2182"]
[BlackElo "2160"]
[PlyCount "67"]
[EventDate "2016.02.06"]
[EventType "swiss"]
[EventRounds "8"]
[EventCountry "ESP"]
[SourceTitle "EXT 2024"]
[Source "ChessBase"]
[SourceDate "2023.10.10"]
[SourceVersion "1"]
[SourceVersionDate "2023.10.10"]
[SourceQuality "1"]

1. e4 e6 2. d4 d5 3. Nd2 Nf6 4. Bd3 c5 5. e5 Nfd7 6. c3 Nc6 7. Ne2 cxd4 8. cxd4 f6 9. exf6 Nxf6 10. 0-0 Bd6 11. Nf3 0-0 12. Bg5 Bd7 13. Bh4 Be8 14. Ng5 Qd7 15. Bg3 h6 16. Nh3 Bh5 17. f3 e5 18. dxe5 Nxe5 19. Nhf4 Bc5+ 20. Kh1 Rae8 21. Bc2 Nc4 22. Nxh5 Nxh5 23. Qd3 Nf6 24. b3 Ne3 25. Rfe1 Bb4 26. Rec1 Ba3 27. Re1 Bb4 28. Reb1 d4 29. a3 Nxc2 30. Qxc2 d3 31. Qc4+ Qd5 32. axb4 Rxe2 33. Rd1 Qxc4 34. bxc4 1/2-1/2

[Event "Seville op 40th"]
[Site "Seville"]
[Date "2015.01.26"]
[Round "3"]
[White "Diaz Castro, Sergio"]
[Black "Dominguez Fernandez, Angel"]
[Result "1-0"]
[WhiteElo "2255"]
[BlackElo "2030"]
[PlyCount "51"]
[EventDate "2015.01.25"]
[EventType "swiss"]
[EventRounds "9"]
[EventCountry "ESP"]
[SourceTitle "CBM 164 Extra"]
[Source "ChessBase"]
[SourceDate "2015.03.02"]
[SourceVersion "1"]
[SourceVersionDate "2015.03.02"]
[SourceQuality "1"]

1. e4 c5 2. Nc3 Nc6 3. Bb5 Nd4 4. Bc4 e6 5. Nf3 Ne7 6. Nxd4 cxd4 7. Ne2 Nc6 8. 0-0 g6 9. d3 Bg7 10. a3 0-0 11. f4 a6 12. Ng3 b5 13. Ba2 Bb7 14. Bd2 Rc8 15. Rc1 h5 16. f5 h4 17. Ne2 gxf5 18. exf5 h3 19. f6 Bxf6 20. Rf3 Ne5 21. Rxh3 Ng6 22. Nf4 Nxf4 23. Bxf4 Rc5 24. Rg3+ Kh7 25. Qg4 Rg8 26. Qh3+ 1-0

[Event "ESP-ch U14"]
[Site "Salobrena"]
[Date "2012.07.11"]
[Round "4"]
[White "Dominguez Fernandez, Angel"]
[Black "Bru Rullo, Llatzer"]
[Result "0-1"]
[WhiteElo "1673"]
[BlackElo "2051"]
[PlyCount "86"]
[EventDate "2012.07.09"]
[EventType "swiss"]
[EventRounds "9"]
[EventCountry "ESP"]
[SourceTitle "EXT 2014"]
[Source "ChessBase"]
[SourceDate "2013.11.20"]
[SourceVersion "1"]
[SourceVersionDate "2013.11.20"]
[SourceQuality "1"]

1. e4 e5 2. Nf3 Nc6 3. Bb5 a6 4. Ba4 Nf6 5. 0-0 b5 6. Bb3 Be7 7. Re1 0-0 8. d4 d6 9. Bd5 Nxd5 10. exd5 Nxd4 11. Nxd4 exd4 12. Qxd4 Bf6 13. Qd3 Re8 14. Rd1 Qe7 15. Nd2 Bg4 16. Nf3 Bxf3 17. gxf3 Be5 18. f4 Bf6 19. c3 Qd7 20. Be3 Qg4+ 21. Kf1 Qf3 22. Kg1 Bh4 23. Rd2 Re4 24. Qf1 Rxe3 25. fxe3 Qxe3+ 26. Rf2 Re8 27. Rd1 Re4 28. Kg2 Bxf2 29. Qxf2 Qxf4 30. Qxf4 Rxf4 31. Re1 Kf8 32. Kg3 Rf5 33. Rd1 Re5 34. Kf3 f5 35. Rd4 Ke7 36. c4 Re4 37. Rd3 Rxc4 38. Ra3 Rc2 39. h3 Rxb2 40. Rxa6 Rd2 41. Ra7 Kd7 42. a4 bxa4 43. Rxa4 Rxd5 0-1

[Event "ESP-ch U14"]
[Site "Salobrena"]
[Date "2012.07.09"]
[Round "2"]
[White "Dominguez Fernandez, Angel"]
[Black "Aguila Hernandez, Eduardo"]
[Result "1/2-1/2"]
[WhiteElo "1673"]
[BlackElo "1893"]
[PlyCount "67"]
[EventDate "2012.07.09"]
[EventType "swiss"]
[EventRounds "9"]
[EventCountry "ESP"]
[SourceTitle "EXT 2014"]
[Source "ChessBase"]
[SourceDate "2013.11.20"]
[SourceVersion "1"]
[SourceVersionDate "2013.11.20"]
[SourceQuality "1"]

1. e4 c5 2. Nc3 a6 3. a4 b6 4. f4 Bb7 5. Nf3 e6 6. d3 Be7 7. g3 d5 8. e5 Nh6 9. Bg2 0-0 10. 0-0 Nc6 11. h3 Nf5 12. Ne2 f6 13. g4 Nfd4 14. Nexd4 Nxd4 15. c3 Nxf3+ 16. Bxf3 fxe5 17. fxe5 Qc7 18. d4 Rac8 19. Bd2 Qd7 20. Bg2 Rxf1+ 21. Bxf1 Rf8 22. Bd3 Bh4 23. Be3 Qf7 24. Qd2 Qf3 25. Bf1 Qg3+ 26. Bg2 Rf3 27. Re1 c4 28. Kh1 Rf7 29. Rg1 Bc6 30. Bf1 Rxf1 31. Rxf1 Qxh3+ 32. Kg1 Qg3+ 33. Kh1 Qh3+ 34. Kg1 1/2-1/2

[Event "ESP-ch U12"]
[Site "Padron"]
[Date "2011.07.05"]
[Round "1"]
[White "Dominguez Fernandez, Angel"]
[Black "Gimenez Aguirre, Ismael Alejo"]
[Result "0-1"]
[WhiteElo "2009"]
[BlackElo "1712"]
[PlyCount "111"]
[EventDate "2011.07.05"]
[EventType "swiss"]
[EventRounds "9"]
[EventCountry "ESP"]
[SourceTitle "EXT 2012"]
[Source "ChessBase"]
[SourceDate "2011.11.24"]
[SourceVersion "1"]
[SourceVersionDate "2011.11.24"]
[SourceQuality "1"]

1. e4 d5 2. exd5 Qxd5 3. Nc3 Qd8 4. d4 Nf6 5. Nf3 Bg4 6. Be3 e6 7. a3 c6 8. Be2 Be7 9. h3 Bh5 10. Qd2 Nbd7 11. 0-0-0 b5 12. Ne5 Bxe2 13. Qxe2 Qc7 14. Bg5 a5 15. Bxf6 Bxf6 16. Nxd7 Qxd7 17. Ne4 Be7 18. Nc5 Qd5 19. Qe4 Bxc5 20. Qxd5 exd5 21. dxc5 Kd7 22. Rhe1 Rhe8 23. Re3 Rxe3 24. fxe3 Re8 25. Kd2 Re4 26. b3 Ke6 27. g3 f5 28. c3 h5 29. Rg1 Kf6 30. Rf1 g5 31. Kd3 Kg6 32. Rg1 Kf6 33. Rf1 Ke5 34. Kd2 h4 35. gxh4 Rxh4 36. Rf3 Ke4 37. Ke2 Rh6 38. Rg3 Rg6 39. Rf3 Rg8 40. Rg3 g4 41. Rg2 g3 42. h4 f4 43. exf4 Kxf4 44. h5 Re8+ 45. Kf1 Re5 46. Rd2 Rxh5 47. Rd4+ Kf3 48. Rd3+ Kg4 49. Rd4+ Kh3 50. Rd3 Kh2 51. Rd2+ Kh1 52. Rd1 Rf5+ 53. Ke2+ Kh2 54. Rd4 g2 55. Rh4+ Kg3 56. Ke1 0-1

[Event "Burgas op 18th"]
[Site "Ourense"]
[Date "2009.07.13"]
[Round "7"]
[White "Fernandez Fernandez, Fernando"]
[Black "Dominguez Fernandez, Angel"]
[Result "1-0"]
[WhiteElo "1532"]
[BlackElo "2144"]
[PlyCount "67"]
[EventDate "2009.07.07"]
[EventType "swiss"]
[EventRounds "9"]
[EventCountry "ESP"]
[SourceTitle "CBM 131 Extra"]
[Source "ChessBase"]
[SourceDate "2009.09.03"]
[SourceVersion "2"]
[SourceVersionDate "2009.09.16"]
[SourceQuality "1"]

1. d4 d5 2. Nf3 c5 3. e3 Nc6 4. b3 e6 5. Bd3 Nf6 6. 0-0 Bd6 7. Bb2 0-0 8. Ne5 Ne7 9. Nd2 Bxe5 10. dxe5 Nd7 11. f4 f6 12. Nf3 Qb6 13. c4 f5 14. Ng5 h6 15. Nf3 Rd8 16. Qe2 dxc4 17. Bxc4 Nf8 18. Rfd1 Rxd1+ 19. Rxd1 Neg6 20. Rd6 Qa5 21. a4 a6 22. Qd3 Ne7 23. Bc3 Qc7 24. Nh4 g6 25. Qd2 b6 26. Be2 Nd5 27. Bf3 Bb7 28. Bxd5 Bxd5 29. Rxd5 exd5 30. Qxd5+ Qf7 31. Qxa8 Qxb3 32. Nxg6 Qxc3 33. Qxf8+ Kh7 34. Qf7# 1-0

[Event "ESP-chB"]
[Site "Spain"]
[Date "1999.??.??"]
[Round "5"]
[White "Fernandez, Daniel"]
[Black "Dominguez Fernandez, Angel"]
[Result "1-0"]
[WhiteElo "2045"]
[BlackElo "2195"]
[PlyCount "103"]
[EventDate "1999.??.??"]
[EventType "swiss"]
[EventRounds "9"]
[EventCountry "ESP"]
[SourceTitle "EXT 2000"]
[Source "ChessBase"]
[SourceDate "1999.11.16"]
[SourceVersion "1"]
[SourceVersionDate "1999.11.16"]
[SourceQuality "1"]

1. e4 c5 2. Bc4 d6 3. Nf3 Nf6 4. Nc3 e5 5. b3 Nc6 6. Bb2 Bd7 7. Ng5 Be6 8. Bxe6 fxe6 9. Nxe6 Qe7 10. Nxf8 Rxf8 11. Qe2 Nd4 12. Qd3 Ng4 13. f3 Qh4+ 14. g3 Nxf3+ 15. Ke2 Qf6 16. Nd5 Qd8 17. Qb5+ Qd7 18. Nc7+ Kd8 19. Qxd7+ Kxd7 20. Nxa8 Ngxh2 21. d3 h6 22. c4 Ng4 23. Raf1 Nd4+ 24. Bxd4 Rxf1 25. Rxf1 cxd4 26. Rf8 Ne3 27. Rf7+ Ke6 28. Rxg7 Kf6 29. Rxb7 Kg5 30. Rxa7 h5 31. a4 Kg4 32. Rh7 Kg5 33. Rxh5+ Kxh5 34. a5 Nc2 35. Nc7 Nb4 36. Nb5 Kg4 37. Nxd6 Kxg3 38. Nf7 Kf4 39. c5 Na6 40. c6 Nc7 41. b4 Kg4 42. Nxe5+ Kg5 43. Kd2 Kf6 44. Nf3 Ke6 45. Nxd4+ Kd6 46. b5 Kc5 47. b6 Na6 48. b7 Kd6 49. e5+ Kc7 50. e6 Kd6 51. Nf5+ Kxc6 52. e7 1-0